Statistics for Top 15 world rankings in various sports

Click here to take the quiz!

General Stats

  • This quiz has been taken 139 times
    (41 since last reset)
  • The average score is 87 of 122

Answer Stats

HintRugby% Correct
1 | 2USA
100%
1 | 8New Zealand
97%
1 | 11 | 12Japan
97%
5 | 6India
94%
2 | 4 | 7 | 15England
94%
2 | 5 | 7 | 10Australia
94%
1 | 2 | 7 | 13Brazil
94%
1 | 3 | 10Germany
94%
4 | 8 | 14Netherlands
92%
4 | 7 | 8 | 9France
92%
5 | 15Belgium
89%
2 | 8 | 9 | 11Spain
89%
1 | 4 | 6 | +2 othersArgentina
89%
2 | 14Pakistan
86%
4 | 12 | 14Italy
86%
3 | 10Ireland
86%
3Portugal
81%
7 | 13Wales
81%
6 | 11Scotland
81%
4 | 6 | 15South Africa
81%
11 | 12Croatia
78%
2 | 4 | 9Russia
78%
5Sweden
75%
6 | 10 | 11Canada
75%
6 | 14Mexico
69%
11Norway
67%
14China
67%
9Fiji
67%
3 | 10 | 13South Korea
67%
9Chile
64%
3 | 6 | 11Serbia
61%
3Denmark
61%
7Switzerland
58%
5Cuba
58%
3 | 6 | 14Poland
58%
10Colombia
58%
Uruguay
58%
13Tonga
56%
8Turkey
56%
13Greece
53%
10Bangladesh
53%
8Sri Lanka
53%
4Hungary
47%
3West Indies
44%
5Lithuania
42%
14Czech Republic
42%
9 | 15Romania
42%
13 | 15Egypt
42%
9 | 15Venezuela
39%
4Taiwan
36%
Dominican Republic
36%
12Slovenia
33%
9Afghanistan
33%
12Peru
31%
8Iran
31%
14Bulgaria
28%
12Zimbabwe
28%
12Georgia
25%
12Malaysia
19%
11Puerto Rico
17%
13UAE
14%
15Panama
14%
15Hong Kong
8%
13Nicaragua
6%

Score Distribution

Percentile by Number Answered

Percent of People with Each Score

Your Score History

You have not taken this quiz since the last reset